|
|
|
|
| LEADER |
00000cac a2200000 a 4500 |
| 001 |
53915 |
| 003 |
Ucuenca |
| 005 |
20230810062743.0 |
| 008 |
966042|1964 ag |||||r|||||||||||spa|| |
| 040 |
|
|
|b spa
|
| 041 |
1 |
|
|a spa
|
| 082 |
0 |
|
|a 193
|
| 100 |
1 |
|
|a Heidegger, Martín.
|d 1889-1976
|9 29933
|
| 245 |
|
|
|a Qué significa pensar?
|c Martin Heidegger, trad. de Haraldo Kahnemann
|h imp
|
| 250 |
|
|
|a 2a ed.,
|
| 264 |
|
|
|a Buenos Aires
|b Nova
|c 1964
|
| 300 |
|
|
|a 236 páginas:
|c 19 cm
|
| 490 |
|
|
|a La vida del espíritu
|
| 504 |
|
|
|a incl. ref.
|
| 650 |
|
|
|a Pensar
|9 23079
|
| 650 |
|
|
|a Heidegger
|9 18170
|
| 650 |
|
4 |
|a Filosofía
|9 8018
|
| 852 |
|
|
|a UC-CDJBV
|f Compra
|l 1
|m General
|p 19660429
|q 48,00
|r 2
|t 53915
|b 0
|d CDRC
|e CDRC
|g 193 PRIMER PISO
|z 1966-60-42
|
| 942 |
|
|
|c CR
|0 2
|
| 999 |
|
|
|c 121152
|d 121152
|